| 000 | 01389nam a2200301 i 4500 | ||
|---|---|---|---|
| 001 | 000038555 | ||
| 003 | DO-SdBNP | ||
| 005 | 20250221073756.0 | ||
| 007 | ta | ||
| 008 | 100205s20152016dr d 000 0 spa d | ||
| 040 |
_aDO-SdBNP _bspa _cBNPHU _erda |
||
| 082 |
_a317.293 _bR426e _222 |
||
| 110 | 1 |
_aRepública Dominicana _bOficina Nacional de Estadística (ONE) _964901 |
|
| 245 | 1 | 0 |
_aEncuesta nacional de hogares de propósitos múltiples (ENHOGAR-2015) _bseguridad ciudadana en la República Dominicana / _cpresentación Pablo Tactuk. |
| 264 |
_aSanto Domingo : _bONE : _c2016. |
||
| 300 |
_a95 paginas: _bgráficos. ; _c28 cm. |
||
| 336 |
_2rdacontent _atexto _btxt |
||
| 337 |
_2rdamedia _asin mediación _bn |
||
| 338 |
_2rdacarrier _avolumen _bnc |
||
| 505 | 0 | _aAntecedentes de las encuestas sobre seguridad ciudadana 13 -- Aspectos metodológicos de la ENHOGAR-2015 18 -- Características básicas de la población estudiad 22 -- Percepción sobre la seguridad ciudadana 24 -- Prevalencia de actos delictivos 46 --Denuncia de los actos delictivos 59 | |
| 590 | _aInventariado,2023 /DG | ||
| 650 | 4 |
_aEncuestas de hogares _zRepública Dominicana _y2015 _964902 |
|
| 700 | 2 |
_aTactuk, Pablo _95774 |
|
| 710 | 1 | 2 |
_aRepública Dominicana. _bOficina Nacional de Estadística _95775 |
| 710 | 2 |
_aFondo de las Naciones Unidas para la Infancia _99270 |
|
| 910 | _aDG | ||
| 942 |
_2ddc _cLBS1 |
||
| 999 |
_c53442 _d53442 |
||